[Event "Hull 4NCL International"]
[Site "Hull"]
[Date "2021.10.23"]
[Round "2.2"]
[White "Maycock, David Henry"]
[Black "Arkell, Keith C"]
[Result "0-1"]
[WhiteElo "2133"]
[BlackElo "2465"]
[PlyCount "0"]
[EventDate "2021.10.22"]

1. e4 {[%clk 01:26:43]} {[%emt 00:04:12]} c6 {[%clk 01:30:20]} {[%emt
00:00:44]} 2. d4 {[%clk 01:26:48]} {[%emt 00:00:24]} d5 {[%clk 01:30:45]}
{[%emt 00:00:05]} 3. e5 {[%clk 01:26:10]} {[%emt 00:01:09]} c5 {[%clk
01:31:09]} {[%emt 00:00:06]} 4. c3 {[%clk 01:14:03]} {[%emt 00:12:36]} Nc6
{[%clk 01:31:00]} {[%emt 00:00:39]} 5. Bb5 {[%clk 01:08:14]} {[%emt 00:06:20]}
Qb6 {[%clk 01:24:50]} {[%emt 00:06:39]} 6. Na3 {[%clk 01:04:24]} {[%emt
00:04:21]} e6 {[%clk 01:23:28]} {[%emt 00:01:52]} 7. Nf3 {[%clk 01:02:11]}
{[%emt 00:02:43]} Bd7 {[%clk 01:23:32]} {[%emt 00:00:26]} 8. Be2 {[%clk
00:59:26]} {[%emt 00:03:14]} cxd4 {[%clk 01:23:01]} {[%emt 00:01:02]} 9. cxd4
{[%clk 00:58:28]} {[%emt 00:01:29]} Bb4+ {[%clk 01:19:05]} {[%emt 00:04:26]} 10.
Kf1 {[%clk 00:58:41]} {[%emt 00:00:17]} f6 {[%clk 01:19:05]} {[%emt 00:00:30]}
11. Nc2 {[%clk 00:47:54]} {[%emt 00:11:16]} fxe5 {[%clk 01:13:04]} {[%emt
00:06:32]} 12. Nxb4 {[%clk 00:45:48]} {[%emt 00:02:37]} Qxb4 {[%clk 01:13:22]}
{[%emt 00:00:11]} 13. a3 {[%clk 00:45:34]} {[%emt 00:00:44]} Qb6 {[%clk
01:04:36]} {[%emt 00:09:15]} 14. dxe5 {[%clk 00:44:34]} {[%emt 00:01:30]} Nge7
{[%clk 01:04:57]} {[%emt 00:00:09]} 15. Be3 {[%clk 00:35:23]} {[%emt 00:09:41]}
Qd8 {[%clk 01:01:45]} {[%emt 00:03:41]} 16. h4 {[%clk 00:29:18]} {[%emt
00:06:35]} O-O {[%clk 00:56:09]} {[%emt 00:06:06]} 17. Bd3 {[%clk 00:27:29]}
{[%emt 00:02:20]} h6 {[%clk 00:45:43]} {[%emt 00:10:55]} 18. Qd2 {[%clk
00:20:37]} {[%emt 00:07:23]} Nf5 {[%clk 00:44:37]} {[%emt 00:01:36]} 19. Bc5
{[%clk 00:20:31]} {[%emt 00:00:36]} Rf7 {[%clk 00:44:03]} {[%emt 00:01:03]} 20.
Bxf5 {[%clk 00:16:33]} {[%emt 00:04:27]} Rxf5 {[%clk 00:44:18]} {[%emt
00:00:15]} 21. Re1 {[%clk 00:16:54]} {[%emt 00:00:09]} Rc8 {[%clk 00:39:32]}
{[%emt 00:05:16]} 22. Rh3 {[%clk 00:16:06]} {[%emt 00:01:18]} Na5 {[%clk
00:33:05]} {[%emt 00:06:57]} 23. Bd4 {[%clk 00:12:32]} {[%emt 00:04:03]} Nc4
{[%clk 00:30:33]} {[%emt 00:03:04]} 24. Qd1 {[%clk 00:13:01]} {[%emt 00:00:01]}
Be8 {[%clk 00:27:41]} {[%emt 00:03:22]} 25. g4 {[%clk 00:12:04]} {[%emt
00:01:26]} Rf4 {[%clk 00:27:20]} {[%emt 00:00:51]} 26. Rg3 {[%clk 00:12:06]}
{[%emt 00:00:28]} Bg6 {[%clk 00:25:59]} {[%emt 00:01:51]} 27. Kg2 {[%clk
00:07:45]} {[%emt 00:04:50]} Be4 {[%clk 00:17:18]} {[%emt 00:09:12]} 28. Kh3
{[%clk 00:08:06]} {[%emt 00:00:09]} h5 {[%clk 00:16:09]} {[%emt 00:01:39]} 29.
Nh2 {[%clk 00:05:27]} {[%emt 00:03:09]} Qf8 {[%clk 00:10:39]} {[%emt 00:06:00]}
30. Reg1 {[%clk 00:02:27]} {[%emt 00:03:29]} Kh8 {[%clk 00:08:21]} {[%emt
00:02:49]} 31. f3 {[%clk 00:02:43]} {[%emt 00:00:14]} Bh7 {[%clk 00:08:30]}
{[%emt 00:00:21]} 32. Kg2 {[%clk 00:01:46]} {[%emt 00:01:26]} Nxb2 {[%clk
00:06:17]} {[%emt 00:02:45]} 33. Bxb2 {[%clk 00:02:01]} {[%emt 00:00:16]} Rc2+
{[%clk 00:06:43]} {[%emt 00:00:04]} 34. Kh1 {[%clk 00:01:08]} {[%emt 00:01:23]}
Rxb2 {[%clk 00:07:06]} {[%emt 00:00:06]} 35. R3g2 {[%clk 00:00:55]} {[%emt
00:00:43]} Rxg2 {[%clk 00:06:43]} {[%emt 00:00:54]} 36. Rxg2 {[%clk 00:01:17]}
{[%emt 00:00:08]} hxg4 {[%emt 00:01:24]} 37. Rxg4 {[%clk 00:01:21]} {[%emt
00:00:17]} Rxg4 {[%clk 00:06:13]} {[%emt 00:00:14]} 38. Nxg4 {[%clk 00:01:32]}
{[%emt 00:00:19]} Qxa3 {[%clk 00:06:33]} {[%emt 00:00:10]} 39. h5 {[%clk
00:00:37]} {[%emt 00:01:25]} Qd3 {[%clk 00:06:25]} {[%emt 00:00:39]} 40. Qa4
{[%clk 00:00:32]} {[%emt 00:00:36]} Qxf3+ {[%clk 00:06:22]} {[%emt 00:00:32]}
41. Kh2 {[%clk 00:01:00]} {[%emt 00:00:02]} b5 {[%clk 00:05:44]} {[%emt
00:01:09]} 42. Qd4 {[%clk 00:00:34]} {[%emt 00:00:56]} Be4 {[%clk 00:04:31]}
{[%emt 00:01:43]} 43. Ne3 {[%clk 00:00:35]} {[%emt 00:00:29]} Qf2+ {[%clk
00:03:20]} {[%emt 00:01:41]} 44. Kh3 {[%clk 00:01:00]} {[%emt 00:00:05]} b4
{[%clk 00:02:08]} {[%emt 00:01:43]} 45. h6 {[%clk 00:01:14]} {[%emt 00:00:16]}
gxh6 {[%clk 00:01:48]} {[%emt 00:00:49]} 46. Qxb4 {[%clk 00:01:35]} {[%emt
00:00:10]} Qxe3+ {[%clk 00:02:12]} {[%emt 00:00:06]} 47. Kh2 {[%clk 00:01:49]}
{[%emt 00:00:15]} Qf4+ {[%clk 00:02:37]} {[%emt 00:00:06]} 48. Kg1 {[%clk
00:02:11]} {[%emt 00:00:08]} Qg3+ {[%clk 00:03:03]} {[%emt 00:00:04]}  0-1

[Event "Hull 4NCL International"]
[Site "Hull"]
[Date "2021.10.23"]
[Round "2.3"]
[White "Wells, Peter K"]
[Black "Chan, Sheng Liang Bernard"]
[Result "1-0"]
[WhiteElo "2430"]
[BlackElo "2078"]
[PlyCount "0"]
[EventDate "2021.10.22"]

1. d4 {[%clk 01:28:05]} {[%emt 00:02:52]} d5 {[%clk 01:30:45]} {[%emt
00:00:17]} 2. c4 {[%clk 01:28:22]} {[%emt 00:00:13]} dxc4 {[%clk 01:31:06]}
{[%emt 00:00:09]} 3. e3 {[%clk 01:28:09]} {[%emt 00:00:43]} e5 {[%clk
01:31:21]} {[%emt 00:00:15]} 4. Bxc4 {[%clk 01:28:28]} {[%emt 00:00:11]} exd4
{[%clk 01:31:42]} {[%emt 00:00:09]} 5. exd4 {[%clk 01:28:45]} {[%emt 00:00:13]}
Bd6 {[%clk 01:32:02]} {[%emt 00:00:10]} 6. Nf3 {[%clk 01:28:56]} {[%emt
00:00:19]} Nf6 {[%clk 01:32:21]} {[%emt 00:00:11]} 7. O-O {[%clk 01:28:55]}
{[%emt 00:00:31]} O-O {[%clk 01:32:42]} {[%emt 00:00:09]} 8. Bg5 {[%clk
01:27:36]} {[%emt 00:01:48]} Nc6 {[%clk 01:29:40]} {[%emt 00:03:33]} 9. h3
{[%clk 01:01:47]} {[%emt 00:26:19]} h6 {[%clk 01:28:01]} {[%emt 00:02:10]} 10.
Bh4 {[%clk 01:02:08]} {[%emt 00:00:08]} g5 {[%clk 01:23:38]} {[%emt 00:04:53]}
11. Bg3 {[%clk 01:02:31]} {[%emt 00:00:07]} Bxg3 {[%clk 01:21:20]} {[%emt
00:02:48]} 12. fxg3 {[%clk 01:02:57]} {[%emt 00:00:04]} Nh5 {[%clk 01:18:50]}
{[%emt 00:02:59]} 13. Qd3 {[%clk 00:33:49]} {[%emt 00:29:39]} Qd6 {[%clk
01:03:19]} {[%emt 00:16:01]} 14. Nc3 {[%clk 00:14:20]} {[%emt 00:20:01]} a6
{[%clk 00:52:17]} {[%emt 00:11:32]} 15. Ne4 {[%clk 00:09:17]} {[%emt 00:05:32]}
Qg6 {[%clk 00:52:21]} {[%emt 00:00:25]} 16. Ne5 {[%clk 00:07:00]} {[%emt
00:02:47]} Nxe5 {[%clk 00:49:56]} {[%emt 00:02:55]} 17. dxe5 {[%clk 00:07:27]}
{[%emt 00:00:03]} Kg7 {[%clk 00:49:51]} {[%emt 00:00:35]} 18. Nf6 {[%clk
00:04:45]} {[%emt 00:03:12]} b5 {[%clk 00:33:53]} {[%emt 00:16:28]} 19. Ne8+
{[%clk 00:01:11]} {[%emt 00:04:04]} Kh7 {[%clk 00:24:08]} {[%emt 00:10:15]} 20.
Qxg6+ {[%clk 00:00:58]} {[%emt 00:00:44]} Kxg6 {[%clk 00:24:37]} {[%emt
00:00:01]} 21. Bd3+ {[%clk 00:01:08]} {[%emt 00:00:20]} f5 {[%clk 00:25:05]}
{[%emt 00:00:01]} 22. exf6+ {[%clk 00:01:12]} {[%emt 00:00:26]} Kf7 {[%clk
00:25:34]} 23. Nxc7 {[%clk 00:00:56]} {[%emt 00:00:47]} Ra7 {[%clk 00:26:03]}
24. Rac1 {[%clk 00:01:02]} {[%emt 00:00:24]} Rd8 {[%clk 00:24:12]} {[%emt
00:02:21]} 25. Rfd1 {[%clk 00:00:32]} {[%emt 00:01:00]} Kxf6 {[%clk 00:23:16]}
{[%emt 00:01:25]} 26. Be2 {[%clk 00:00:34]} {[%emt 00:00:28]} Nxg3 {[%clk
00:20:39]} {[%emt 00:03:07]} 27. Rc6+ {[%clk 00:00:34]} {[%emt 00:00:31]} Ke7
{[%clk 00:20:38]} {[%emt 00:00:30]} 28. Nd5+ {[%clk 00:00:35]} {[%emt
00:00:30]} Rxd5 {[%clk 00:19:15]} {[%emt 00:01:53]} 29. Rxd5 {[%clk 00:01:02]}
{[%emt 00:00:03]} Nxe2+ {[%clk 00:19:30]} {[%emt 00:00:15]} 30. Kf2 {[%clk
00:01:30]} {[%emt 00:00:02]} Nf4 {[%clk 00:19:35]} {[%emt 00:00:24]} 31. Re5+
{[%clk 00:01:29]} {[%emt 00:00:32]} Kd7 {[%clk 00:19:47]} {[%emt 00:00:18]} 32.
Rc3 {[%clk 00:01:48]} {[%emt 00:00:10]} Bb7 {[%clk 00:17:28]} {[%emt 00:02:48]}
33. h4 {[%clk 00:02:14]} {[%emt 00:00:05]} Kd6 {[%clk 00:17:03]} {[%emt
00:00:56]} 34. Rf5 {[%clk 00:02:36]} {[%emt 00:00:08]} Ke6 {[%clk 00:17:00]}
{[%emt 00:00:32]} 35. g4 {[%clk 00:02:29]} {[%emt 00:00:37]} Be4 {[%clk
00:17:06]} {[%emt 00:00:23]} 36. Re3 {[%clk 00:02:48]} {[%emt 00:00:11]} Nd3+
{[%clk 00:15:50]} {[%emt 00:01:47]} 37. Kg3 {[%clk 00:03:11]} {[%emt 00:00:07]}
gxh4+ {[%clk 00:14:41]} {[%emt 00:01:39]} 38. Kxh4 {[%clk 00:03:35]} {[%emt
00:00:06]} Nxb2 {[%clk 00:13:44]} {[%emt 00:01:27]} 39. Rxe4+ {[%clk 00:03:59]}
{[%emt 00:00:06]} Kd6 {[%clk 00:14:07]} {[%emt 00:00:07]} 40. Kh5 {[%clk
00:03:24]} {[%emt 00:01:05]} Na4 {[%clk 00:12:40]} {[%emt 00:01:57]} 41. Kxh6
{[%clk 00:03:05]} {[%emt 00:00:49]} Nc3 {[%clk 00:12:48]} {[%emt 00:00:22]} 42.
Rd4+ {[%clk 00:01:50]} {[%emt 00:01:45]} Ke6 {[%clk 00:13:17]} {[%emt
00:00:01]} 43. Rf2 {[%clk 00:02:07]} {[%emt 00:00:13]} Ke5 {[%clk 00:11:59]}
{[%emt 00:01:47]} 44. Rd3 {[%clk 00:02:18]} {[%emt 00:00:19]} b4 {[%clk
00:10:34]} {[%emt 00:01:55]} 45. g5 {[%clk 00:02:26]} {[%emt 00:00:22]} Ke4
{[%clk 00:10:22]} {[%emt 00:00:42]} 46. Rg3 {[%clk 00:01:48]} {[%emt 00:01:07]}
Kd5 {[%clk 00:09:55]} {[%emt 00:00:57]} 47. Rf5+ {[%clk 00:00:36]} {[%emt
00:01:43]} Ke6 {[%clk 00:07:31]} {[%emt 00:02:53]} 48. Ra5 {[%clk 00:00:56]}
{[%emt 00:00:10]} Nb5 {[%clk 00:06:18]} {[%emt 00:01:43]} 49. g6 {[%emt
00:01:58]}  1-0

[Event "Hull 4NCL International"]
[Site "Hull"]
[Date "2021.10.23"]
[Round "2.4"]
[White "Ther, Mate"]
[Black "Bradbury, Neil H"]
[Result "1-0"]
[WhiteElo "2062"]
[BlackElo "2329"]
[PlyCount "0"]
[EventDate "2021.10.22"]

1. e4 {[%clk 01:30:16]} {[%emt 00:00:28]} c5 {[%clk 01:29:17]} {[%emt
00:01:43]} 2. Nf3 {[%clk 01:30:40]} {[%emt 00:00:07]} e6 {[%clk 01:29:39]}
{[%emt 00:00:08]} 3. d4 {[%clk 01:30:59]} {[%emt 00:00:11]} cxd4 {[%clk
01:30:02]} {[%emt 00:00:07]} 4. Nxd4 {[%clk 01:31:24]} {[%emt 00:00:05]} Nc6
{[%clk 01:30:22]} {[%emt 00:00:09]} 5. Nc3 {[%clk 01:31:48]} {[%emt 00:00:07]}
Qc7 {[%clk 01:30:04]} {[%emt 00:00:47]} 6. f4 {[%clk 01:32:05]} {[%emt
00:00:12]} a6 {[%clk 01:25:13]} {[%emt 00:05:22]} 7. Nxc6 {[%clk 01:32:23]}
{[%emt 00:00:12]} bxc6 {[%clk 01:21:28]} {[%emt 00:04:15]} 8. Bd3 {[%clk
01:32:36]} {[%emt 00:00:17]} d5 {[%clk 01:19:02]} {[%emt 00:02:56]} 9. O-O
{[%clk 01:32:48]} {[%emt 00:00:17]} Nf6 {[%clk 01:17:42]} {[%emt 00:01:51]} 10.
Qe2 {[%clk 01:33:07]} {[%emt 00:00:11]} Be7 {[%clk 01:14:44]} {[%emt 00:03:28]}
11. Bd2 {[%clk 01:33:24]} {[%emt 00:00:14]} O-O {[%clk 01:13:50]} {[%emt
00:01:24]} 12. Rae1 {[%clk 01:33:37]} {[%emt 00:00:16]} a5 {[%clk 01:08:12]}
{[%emt 00:06:09]} 13. e5 {[%clk 01:30:43]} {[%emt 00:03:24]} Nd7 {[%clk
01:06:07]} {[%emt 00:02:35]} 14. Na4 {[%clk 01:23:13]} {[%emt 00:08:00]} Ba6
{[%clk 00:56:22]} {[%emt 00:10:15]} 15. Rf3 {[%clk 01:18:14]} {[%emt 00:05:29]}
Bxd3 {[%clk 00:53:51]} {[%emt 00:03:01]} 16. cxd3 {[%clk 01:12:33]} {[%emt
00:06:10]} Nc5 {[%clk 00:46:11]} {[%emt 00:08:09]} 17. Nxc5 {[%clk 01:12:28]}
{[%emt 00:00:36]} Bxc5+ {[%clk 00:46:39]} {[%emt 00:00:03]} 18. Kh1 {[%clk
01:11:49]} {[%emt 00:01:08]} Bd4 {[%clk 00:42:53]} {[%emt 00:04:16]} 19. Bc3
{[%clk 01:10:44]} {[%emt 00:01:36]} Bxc3 {[%clk 00:35:27]} {[%emt 00:07:56]} 20.
bxc3 {[%clk 01:11:05]} {[%emt 00:00:09]} Rab8 {[%emt 00:04:32]} 21. g4 {[%clk
01:06:15]} {[%emt 00:00:57]} Qe7 {[%clk 00:28:48]} {[%emt 00:07:30]} 22. f5
{[%clk 00:50:42]} {[%emt 00:16:03]} Qa3 {[%clk 00:24:16]} {[%emt 00:05:01]} 23.
Qe3 {[%clk 00:39:54]} {[%emt 00:11:19]} Rb2 {[%clk 00:17:02]} {[%emt 00:07:44]}
24. Qf4 {[%clk 00:35:53]} {[%emt 00:04:30]} Qxc3 {[%clk 00:12:42]} {[%emt
00:04:51]} 25. Ref1 {[%clk 00:33:03]} {[%emt 00:03:20]} exf5 {[%clk 00:06:24]}
{[%emt 00:06:48]} 26. gxf5 {[%clk 00:17:10]} {[%emt 00:16:23]} Qd2 {[%clk
00:03:05]} {[%emt 00:03:49]} 27. Qg3 {[%clk 00:16:08]} {[%emt 00:01:33]} Rfb8
{[%clk 00:02:03]} {[%emt 00:01:31]} 28. f6 {[%clk 00:15:52]} {[%emt 00:00:46]}
g6 {[%clk 00:01:31]} {[%emt 00:01:02]} 29. e6 {[%clk 00:16:09]} {[%emt
00:00:13]} R2b7 {[%clk 00:00:51]} {[%emt 00:01:10]} 30. Re3 {[%clk 00:13:36]}
{[%emt 00:03:02]} Qb4 {[%clk 00:00:44]} {[%emt 00:00:38]} 31. e7 {[%clk
00:11:52]} {[%emt 00:02:14]} Re8 {[%clk 00:01:11]} {[%emt 00:00:03]} 32. Qg5
{[%clk 00:12:08]} {[%emt 00:00:14]}  1-0

[Event "Hull 4NCL International"]
[Site "Hull"]
[Date "2021.10.23"]
[Round "2.5"]
[White "Jones, Steven A"]
[Black "Culkin, Shaun J"]
[Result "1-0"]
[WhiteElo "2324"]
[BlackElo "1983"]
[PlyCount "0"]
[EventDate "2021.10.22"]

1. e4 {[%clk 01:30:59]} c5 {[%clk 01:25:33]} {[%emt 00:05:27]} 2. Nf3 {[%clk
01:30:46]} {[%emt 00:00:43]} Nc6 {[%clk 01:25:12]} {[%emt 00:00:51]} 3. d4
{[%clk 01:30:52]} {[%emt 00:00:25]} cxd4 {[%clk 01:25:32]} {[%emt 00:00:10]} 4.
Nxd4 {[%clk 01:31:19]} {[%emt 00:00:03]} Nf6 {[%clk 01:25:54]} {[%emt
00:00:08]} 5. Nc3 {[%clk 01:31:37]} {[%emt 00:00:13]} e5 {[%clk 01:26:00]}
{[%emt 00:00:23]} 6. Ndb5 {[%clk 01:32:02]} {[%emt 00:00:05]} d6 {[%clk
01:26:13]} {[%emt 00:00:17]} 7. Bg5 {[%clk 01:32:24]} {[%emt 00:00:08]} a6
{[%clk 01:26:24]} {[%emt 00:00:19]} 8. Na3 {[%clk 01:32:52]} {[%emt 00:00:02]}
b5 {[%clk 01:26:38]} {[%emt 00:00:16]} 9. Bxf6 {[%clk 01:33:18]} {[%emt
00:00:06]} gxf6 {[%clk 01:26:53]} {[%emt 00:00:14]} 10. Nd5 {[%clk 01:33:43]}
{[%emt 00:00:05]} Bg7 {[%clk 01:26:39]} {[%emt 00:00:44]} 11. Bd3 {[%clk
01:32:50]} {[%emt 00:01:23]} Be6 {[%clk 01:25:13]} {[%emt 00:01:56]} 12. O-O
{[%clk 01:31:08]} {[%emt 00:02:12]} O-O {[%clk 01:20:19]} {[%emt 00:05:24]} 13.
Qh5 {[%clk 01:25:53]} {[%emt 00:05:46]} h6 {[%clk 01:12:40]} {[%emt 00:08:08]}
14. c3 {[%clk 01:21:19]} {[%emt 00:05:04]} Rc8 {[%clk 00:59:55]} {[%emt
00:13:15]} 15. Nc2 {[%clk 01:17:19]} {[%emt 00:04:30]} f5 {[%clk 00:56:14]}
{[%emt 00:04:10]} 16. Nce3 {[%clk 01:14:37]} {[%emt 00:03:12]} fxe4 {[%clk
00:41:52]} {[%emt 00:14:52]} 17. Bxe4 {[%clk 01:14:27]} {[%emt 00:00:40]} Ne7
{[%emt 00:06:36]} 18. Nxe7+ {[%clk 01:04:26]} {[%emt 00:10:20]} Qxe7 {[%clk
00:34:49]} {[%emt 00:01:38]} 19. Rfd1 {[%clk 01:03:12]} {[%emt 00:01:44]} Rfd8
{[%clk 00:33:10]} {[%emt 00:02:10]} 20. h4 {[%clk 00:53:35]} {[%emt 00:10:07]}
Rc5 {[%clk 00:28:52]} {[%emt 00:04:47]} 21. Rd3 {[%clk 00:53:07]} {[%emt
00:00:59]} d5 {[%clk 00:25:12]} {[%emt 00:04:11]} 22. Rad1 {[%clk 00:52:11]}
{[%emt 00:01:26]} d4 {[%clk 00:24:48]} {[%emt 00:00:53]} 23. Nf5 {[%clk
00:51:29]} {[%emt 00:01:12]} Bxf5 {[%clk 00:24:01]} {[%emt 00:01:18]} 24. Qxf5
{[%clk 00:51:48]} {[%emt 00:00:11]} Kf8 {[%clk 00:12:39]} {[%emt 00:11:51]} 25.
Qh7 {[%clk 00:39:17]} {[%emt 00:13:01]} Rcc8 {[%clk 00:06:59]} {[%emt
00:06:11]} 26. Rg3 {[%clk 00:24:58]} {[%emt 00:14:49]} Qf6 {[%clk 00:05:41]}
{[%emt 00:01:48]} 27. Rf3 {[%clk 00:23:58]} {[%emt 00:01:30]} Qe7 {[%clk
00:05:13]} {[%emt 00:00:58]} 28. Bg6 {[%clk 00:21:56]} {[%emt 00:02:32]} f6
{[%clk 00:04:32]} {[%emt 00:01:10]} 29. Bc2 {[%clk 00:20:21]} {[%emt 00:02:05]}
dxc3 {[%clk 00:03:09]} {[%emt 00:01:53]} 30. Rxd8+ {[%clk 00:20:43]} {[%emt
00:00:08]} Qxd8 {[%clk 00:03:04]} {[%emt 00:00:35]} 31. Bb3 {[%clk 00:20:33]}
{[%emt 00:00:41]} Rc4 {[%clk 00:03:20]} {[%emt 00:00:14]} 32. Rxc3 {[%clk
00:17:40]} {[%emt 00:03:24]} Qd4 {[%clk 00:02:17]} {[%emt 00:01:32]} 33. Bxc4
{[%clk 00:17:47]} {[%emt 00:00:23]} bxc4 {[%clk 00:02:30]} {[%emt 00:00:18]} 34.
Qc2 {[%clk 00:17:48]} {[%emt 00:00:29]}  1-0

[Event "Hull 4NCL International"]
[Site "Hull"]
[Date "2021.10.23"]
[Round "2.6"]
[White "Green, Michael"]
[Black "Cooper, John G"]
[Result "0-1"]
[WhiteElo "2050"]
[BlackElo "2313"]
[PlyCount "0"]
[EventDate "2021.10.22"]

1. e4 {[%clk 01:30:56]} {[%emt 00:00:02]} c5 {[%clk 01:28:48]} {[%emt
00:02:13]} 2. b4 {[%clk 01:31:20]} {[%emt 00:00:07]} cxb4 {[%clk 01:28:30]}
{[%emt 00:00:48]} 3. a3 {[%clk 01:31:44]} {[%emt 00:00:06]} b3 {[%clk
01:26:42]} {[%emt 00:02:17]} 4. cxb3 {[%clk 01:30:59]} {[%emt 00:01:15]} d5
{[%clk 01:24:17]} {[%emt 00:02:55]} 5. exd5 {[%clk 01:29:59]} {[%emt 00:01:30]}
Qxd5 {[%clk 01:21:07]} {[%emt 00:03:40]} 6. Bb2 {[%clk 01:27:37]} {[%emt
00:02:52]} Nc6 {[%clk 01:13:57]} {[%emt 00:07:40]} 7. Nf3 {[%clk 01:25:51]}
{[%emt 00:02:16]} Bg4 {[%clk 00:56:01]} {[%emt 00:18:25]} 8. Be2 {[%clk
01:21:19]} {[%emt 00:05:03]} Nf6 {[%clk 00:47:41]} {[%emt 00:08:50]} 9. O-O
{[%clk 01:18:53]} {[%emt 00:02:56]} e6 {[%clk 00:44:14]} {[%emt 00:03:57]} 10.
h3 {[%clk 01:14:44]} {[%emt 00:04:38]} Bh5 {[%clk 00:42:51]} {[%emt 00:01:53]}
11. Nc3 {[%clk 01:08:18]} {[%emt 00:06:56]} Qd7 {[%clk 00:41:35]} {[%emt
00:01:45]} 12. b4 {[%clk 01:03:13]} {[%emt 00:05:36]} Rd8 {[%clk 00:41:06]}
{[%emt 00:00:59]} 13. Qa4 {[%clk 00:49:20]} {[%emt 00:14:23]} Bd6 {[%clk
00:36:40]} {[%emt 00:04:53]} 14. b5 {[%clk 00:42:56]} {[%emt 00:06:57]} Bxf3
{[%clk 00:35:18]} {[%emt 00:01:51]} 15. Bxf3 {[%clk 00:41:26]} {[%emt
00:02:00]} Nd4 {[%clk 00:35:07]} {[%emt 00:00:40]} 16. Bd1 {[%clk 00:37:22]}
{[%emt 00:04:34]} O-O {[%clk 00:29:09]} {[%emt 00:06:29]} 17. Re1 {[%clk
00:36:23]} {[%emt 00:01:30]} Bc5 {[%clk 00:26:45]} {[%emt 00:02:54]} 18. Qc4
{[%clk 00:32:06]} {[%emt 00:04:47]} Bb6 {[%clk 00:24:27]} {[%emt 00:02:47]} 19.
a4 {[%clk 00:30:57]} {[%emt 00:01:40]} Nf5 {[%clk 00:23:25]} {[%emt 00:01:32]}
20. Nb1 {[%clk 00:26:15]} {[%emt 00:05:13]} Rc8 {[%clk 00:18:42]} {[%emt
00:05:12]} 21. Qf4 {[%clk 00:25:02]} {[%emt 00:01:42]} Bc7 {[%clk 00:18:27]}
{[%emt 00:00:45]} 22. Qb4 {[%clk 00:22:25]} {[%emt 00:03:07]} Bd6 {[%clk
00:15:57]} {[%emt 00:03:00]} 23. Qb3 {[%clk 00:21:55]} {[%emt 00:01:01]} Bc5
{[%clk 00:16:11]} {[%emt 00:00:15]} 24. Bc3 {[%clk 00:19:47]} {[%emt 00:02:38]}
Nd4 {[%clk 00:14:50]} {[%emt 00:01:51]} 25. Qb2 {[%clk 00:19:29]} {[%emt
00:00:47]} Qd5 {[%clk 00:14:22]} {[%emt 00:00:58]} 26. Re3 {[%clk 00:15:20]}
{[%emt 00:04:40]} Nf5 {[%clk 00:13:50]} {[%emt 00:01:01]} 27. Bf3 {[%clk
00:12:41]} {[%emt 00:03:09]} Qd7 {[%clk 00:13:46]} {[%emt 00:00:34]} 28. Re1
{[%clk 00:12:21]} {[%emt 00:00:51]} Bd4 {[%clk 00:11:41]} {[%emt 00:02:35]} 29.
Na3 {[%clk 00:11:23]} {[%emt 00:01:29]} Rfd8 {[%clk 00:11:37]} {[%emt
00:00:34]} 30. Rad1 {[%clk 00:09:38]} {[%emt 00:02:16]} Nh4 {[%clk 00:11:00]}
{[%emt 00:01:06]} 31. Be2 {[%clk 00:07:48]} {[%emt 00:02:20]} Qd5 {[%clk
00:11:08]} {[%emt 00:00:21]} 32. Bf1 {[%clk 00:07:37]} {[%emt 00:00:42]} Bxc3
{[%clk 00:08:36]} {[%emt 00:03:02]} 33. dxc3 {[%clk 00:08:00]} {[%emt
00:00:07]} Qxd1 {[%clk 00:08:56]} {[%emt 00:00:10]} 34. Rxd1 {[%clk 00:08:27]}
{[%emt 00:00:03]} Rxd1 {[%clk 00:09:12]} {[%emt 00:00:13]} 35. b6 {[%clk
00:06:27]} {[%emt 00:02:30]} a6 {[%clk 00:08:25]} {[%emt 00:01:17]} 36. Qe2
{[%clk 00:06:12]} {[%emt 00:00:45]} Rcd8 {[%clk 00:08:27]} {[%emt 00:00:27]} 37.
g3 {[%clk 00:05:12]} {[%emt 00:01:32]} Nf5 {[%clk 00:07:14]} {[%emt 00:01:43]}
38. Qf3 {[%clk 00:05:35]} {[%emt 00:00:07]} R8d7 {[%clk 00:05:40]} {[%emt
00:02:04]} 39. Kg2 {[%clk 00:05:19]} {[%emt 00:00:46]} Nd5 {[%clk 00:04:31]}
{[%emt 00:01:39]} 40. a5 {[%clk 00:04:03]} {[%emt 00:01:47]} Rc1 {[%clk
00:04:07]} {[%emt 00:00:54]} 41. Bxa6 {[%clk 00:01:17]} {[%emt 00:03:16]} Rxc3
{[%clk 00:04:10]} {[%emt 00:00:26]} 42. Qe4 {[%clk 00:01:16]} {[%emt 00:00:31]}
bxa6 {[%clk 00:04:11]} {[%emt 00:00:28]} 43. Qa4 {[%clk 00:00:58]} {[%emt
00:00:49]} Rd8 {[%clk 00:03:41]} {[%emt 00:01:00]} 44. Nc2 {[%clk 00:00:42]}
{[%emt 00:00:47]} Rxc2 {[%clk 00:03:58]} {[%emt 00:00:13]} 45. b7 {[%clk
00:00:32]} {[%emt 00:00:41]} Rc7 {[%clk 00:03:52]} {[%emt 00:00:36]} 46. Qb3
{[%clk 00:00:32]} {[%emt 00:00:30]} Rb8 {[%clk 00:04:13]} {[%emt 00:00:08]} 47.
Qd3 {[%clk 00:00:46]} {[%emt 00:00:16]} Nb4 {[%clk 00:04:18]} {[%emt 00:00:24]}
48. Qf3 {[%clk 00:00:32]} {[%emt 00:00:44]} Rcxb7 {[%clk 00:04:32]} {[%emt
00:00:17]} 49. Qe2 {[%clk 00:00:43]} {[%emt 00:00:19]} Rb5 {[%clk 00:04:44]}
{[%emt 00:00:18]} 50. g4 {[%clk 00:00:54]} {[%emt 00:00:19]} Nd4 {[%clk
00:04:51]} {[%emt 00:00:23]} 51. Qc4 {[%clk 00:01:11]} {[%emt 00:00:14]} Nbc6
{[%clk 00:05:09]} {[%emt 00:00:11]} 52. h4 {[%clk 00:01:19]} {[%emt 00:00:22]}
Rxa5 {[%clk 00:05:23]} {[%emt 00:00:15]} 53. h5 {[%clk 00:01:38]} {[%emt
00:00:11]} Rb2 {[%clk 00:05:18]} {[%emt 00:00:35]} 54. g5 {[%clk 00:01:14]}
{[%emt 00:00:55]} Rxg5+ {[%clk 00:05:35]} {[%emt 00:00:13]} 55. Kh3 {[%clk
00:01:07]} {[%emt 00:00:37]} Rb3+ {[%clk 00:05:44]} {[%emt 00:00:21]} 56. f3
{[%clk 00:01:24]} {[%emt 00:00:13]} Rxf3+ {[%clk 00:06:02]} {[%emt 00:00:11]}
57. Kh2 {[%clk 00:01:51]} {[%emt 00:00:03]} Rf4 {[%clk 00:06:13]} {[%emt
00:00:20]}  0-1